Derecho comercial. Sociedades de personas y de capital.

Na minha lista:
Detalhes bibliográficos
Autor principal: Sandoval López, Ricardo
Formato: Livro
Idioma:espanhol
Publicado em: Santiago, Chile: Jurídica de Chile, 2010
Edição:Octava edición actualizada
Colecção:Colección Manuales Jurídicos, 83-2
Assuntos:
Tags: Adicionar Tag
Sem tags, seja o primeiro a adicionar uma tag!

MARC

LEADER 00000nam a2200000 a 4500
001 UCG4212
003 CL-VaPUC
005 20240718114922.0
008 101018e20100600CL |||||||||||||||||spa|d
999 |c 343047  |d 343045 
020 |a 9789561016002 
040 |c Pontificia Universidad Católica de Valparaíso 
082 0 4 |a 346.07 SAN 2010  |2 21 
100 1 |a Sandoval López, Ricardo  |9 170 
245 1 0 |a Derecho comercial.  |b Sociedades de personas y de capital. 
250 |a Octava edición actualizada 
260 |a Santiago, Chile:  |b Jurídica de Chile,  |c 2010 
300 |a Tomo 1, volumen 2. 
490 0 |a Colección Manuales Jurídicos, 83-2 
583 |a last modification  |c 20101018 00:00:00  |k Rodrigo Vera 
650 0 |a Derecho comercial chileno  |9 430902 
650 0 |a Sociedades comerciales  |9 257290 
650 0 |a Sociedades colectivas  |9 386924 
650 0 |a Sociedades de personas  |9 432677 
650 0 |a Sociedades anónimas  |9 255387 
650 0 |a Sociedades de responsabilidad limitada  |9 330760 
650 0 |a Sociedades en comandita  |9 257291 
650 0 |a Derecho comercial  |x Cooperativas  |9 890204 
650 0 |a Sociedad por acciones   |9 890213 
942 |c BK  |2 ddc 
945 |d 20101018 00:00:00  |a mfarfan 
952 |0 0  |1 0  |4 0  |6 346_070000000000000_SAN_2010  |7 0  |8 A  |9 439968  |a BIBDER  |b BIBDER  |d 2019-11-22  |h t.1 v.2  |i 4726820  |l 5  |m 1  |o 346.07 SAN 2010  |p 4726820  |r 2025-04-07  |s 2023-03-23  |w 2019-11-22  |y BK  |k DER 
952 |0 0  |1 0  |4 0  |6 346_070000000000000_SAN_2010  |7 0  |8 A  |9 439969  |a BIBDER  |b BIBDER  |d 2019-11-22  |h t.1 v.2  |i 4726839  |l 1  |m 5  |o 346.07 SAN 2010  |p 4726839  |q 2025-12-31  |r 2020-03-04  |s 2020-03-04  |w 2019-11-22  |y BK  |k DER